| 000 | 00906cam a2200277 4500 | ||
|---|---|---|---|
| 001 | 761547 | ||
| 003 | ARRUPE | ||
| 005 | 20160812100026.0 | ||
| 008 | 680301s1966 stk 000 0 eng | ||
| 010 | _a 68072305 | ||
| 015 | _aB67-21156 | ||
| 040 |
_aDLC _cDLC _dDLC |
||
| 041 | 0 | _aengheb | |
| 050 | 0 | 0 |
_aPJ4567 _b.D37 1966 |
| 082 | 0 | 0 | _a492.482/4/2 |
| 100 | 1 |
_aDavidson, A. B. _q(Andrew Bruce), _d1831-1902. _924920 |
|
| 245 | 1 | 3 |
_aAn introductory Hebrew grammar: _bwith progressive exercises in reading, writing and pointing, _cby the late A. B. Davidson; revised throughout by John Mauchline. |
| 250 | _a26th ed. | ||
| 260 |
_aEdinburgh, _bT. & T. Clark, _c1966. |
||
| 300 |
_axiii, 319 p. _c22 1/2 cm. |
||
| 350 | _a35/- | ||
| 650 | 0 |
_aHebrew language _xGrammar. _924922 |
|
| 700 | 1 |
_aMauchline, John. _924923 |
|
| 906 |
_a7 _bcbc _corignew _du _encip _f19 _gy-gencatlg |
||
| 942 |
_2lcc _cMONOGRAPH |
||
| 999 |
_c124957 _d124957 |
||